Anar al contingut

Функциональный анализ

В учебном пособии разъясняются основные понятия функционального анализа, рассматриваются типовые примеры, приводятся решения с комментариями некоторых наиболее трудных задач. Для студентов направления подготовки 02.03.03 «Математическое обеспечение и администрирование информационных систем» (бакалав...

Descripció completa

Guardat en:
Dades bibliogràfiques
Autor principal: Белоусова В. И.
Altres autors: Кныш А. А., Поторочина К. С., Стариков Е. Н., Шестакова И. А.
Format: Книга
Idioma:Russian
Publicat: Екатеринбург УрГЭУ 2023
Accés en línia:https://e.lanbook.com/book/417821
https://e.lanbook.com/img/cover/book/417821.jpg
Etiquetes: Afegir etiqueta
Sense etiquetes, Sigues el primer a etiquetar aquest registre!
LEADER 02046nam0a2200325 i 4500
001 417821
003 RuSpLAN
005 20240701125832.0
008 240701s2023 ru gs 000 0 rus
040 |a RuSpLAN 
041 0 |a rus 
044 |a ru 
080 |a 519.7(07) 
084 |a 22.162я73  |2 rubbk 
245 0 0 |a Функциональный анализ  |c Белоусова В. И.,Кныш А. А.,Поторочина К. С.,Стариков Е. Н.,Шестакова И. А. 
260 |a Екатеринбург  |b УрГЭУ  |c 2023 
300 |a 88 с. 
500 |a Рекомендовано Советом по учебно-методическим вопросам и качеству образования Уральского государственного экономического университета в качестве учебного пособия 
504 |a Библиогр.: доступна в карточке книги, на сайте ЭБС Лань 
520 8 |a В учебном пособии разъясняются основные понятия функционального анализа, рассматриваются типовые примеры, приводятся решения с комментариями некоторых наиболее трудных задач. Для студентов направления подготовки 02.03.03 «Математическое обеспечение и администрирование информационных систем» (бакалавриат). 
521 8 |a Книга из коллекции УрГЭУ - Математика 
521 8 |a СЭБ 
100 1 |a Белоусова В. И. 
700 1 |a Кныш А. А. 
700 1 |a Поторочина К. С. 
700 1 |a Стариков Е. Н. 
700 1 |a Шестакова И. А. 
856 4 |u https://e.lanbook.com/book/417821 
856 4 8 |u https://e.lanbook.com/img/cover/book/417821.jpg 
953 |a https://e.lanbook.com/img/cover/book/417821.jpg 
Cannot write session to /tmp/vufind_sessions/sess_t5v8buvfivcn8vsv7vvldj1t69